[Event "2000+"]
[Site "SchemingMind.com"]
[Date "2009.10.02"]
[Round "-"]
[White "Pedro Yanes"]
[Black "goodknight"]
[Result "1/2-1/2"]
[WhiteCountry "USA"]
[BlackCountry "POL"]
[WhiteElo "2154"]
[WhiteRD "98"]
[BlackElo "2255"]
[BlackRD "91"]
[GameID "221611"]

1. c4 Nf6 2. Nf3 e6 3. g3 d5 4. Bg2 Be7 5. O-O O-O 6. d3 c5 7. Qb3 Nc6 8. Re1 b6 9. Bf4 Bb7 10. Na3 a6
11. cxd5 Nxd5 12. Bd2 b5 13. Rac1 Rc8 14. Nc4 Qc7 15. Ne3 Nb6 16. Red1 Rfd8 17. Ng4 Nd7 18. Bc3 Qb6 19. Nfe5 Ndxe5 20. Nxe5 Nxe5
21. Bxe5 Bxg2 22. Kxg2 Bg5 23. f4 Be7 24. Kh3 Qb7 25. Qc2 Bd6 26. Bxd6 Rxd6 27. e4 Rd4 28. b3 Qe7 29. e5 Qd7 30. Qe2 a5
31. Rc3 b4 32. Rc4 Qd5 33. Qc2 h6 34. Rxd4 Qxd4 35. Qe2 Rd8 36. Rc1 g6 37. Rc4 Qg1 38. Rc2 Kg7 39. Rd2 Qd4 40. Rc2 Rd7
41. Qf3 Rd5 42. Qe4 Qg1 43. Qe2 Qa1 44. Qf3 Qb1 45. Qe2 Qg1=
1/2-1/2